| 000 | 01045nam a22002537a 4500 | ||
|---|---|---|---|
| 003 | AM-YeHGA | ||
| 040 | _aAM-YeHGA | ||
| 090 | _c441422 | ||
| 005 | 20250618075200.0 | ||
| 008 | 180831s1959 ru |||||r|||||000|1|rus|| | ||
| 041 | 1 |
_arus _htat |
|
| 100 | 1 |
_aГаляу, Махмуд, _d1887-1938 |
|
| 245 | 1 | 0 |
_aМуть ; _bМухаджиры : [Романы : Пер. с тат.] / _cМ. Галяу ; [Под ред., послесл. Г. Кашшафа]. |
| 260 |
_aКазань : _bТаткнигоиздат, _c1959. |
||
| 300 |
_a456 с. ; _c21 см. |
||
| 500 | _aПеред вып. дан. авт. : Абдурахман Сафиевич Абсалямов | ||
| 650 | 1 | 4 |
_aХудожественная литература _94918 |
| 650 | 1 | 4 |
_aТатарская литература _xРоман |
| 653 | 0 | _aТатария, 19-20 вв. (х. л.) | |
| 653 | 0 | _aТатары в Турции (х. л.) | |
| 700 | 1 |
_aКашшаф, Г. _eред. _4edt _eавт. предисл. _4aui |
|
| 740 | 0 | 2 | _aМухаджиры |
| 942 |
_2udc _cBK |
||
| 999 |
_c438692 _d438692 |
||